| 000 | 00638nam a2200205 i 4500 | ||
|---|---|---|---|
| 001 | 142414 | ||
| 003 | ES-MaACL | ||
| 005 | 20230906200521.0 | ||
| 007 | t| | ||
| 008 | 071005s1952 sp ||||1| spa d | ||
| 100 | 1 |
_aVillaespesa, Francisco. _9114917 |
|
| 245 | 1 | 0 |
_aNovelas completas / _cFrancisco Villaespesa ; prólogo de Federico de Mendizábal]. |
| 260 |
_aMadrid : _bAguilar, _c[1952] |
||
| 300 |
_a501 p. : _b1 retr. autor ; _c12 cm. |
||
| 490 | 1 |
_aCrisol, _xISSN 313 |
|
| 700 | 1 |
_aMendizábal, Federico de. _980208 |
|
| 830 | 0 |
_aCrisol, _xISSN 313 _9180848 |
|
| 852 |
_aES-MaACL _jD-6739 _bR.31893 |
||
| 999 |
_c142414 _d142414 |
||